Best Picture Winners by Plot - Statistics

General Stats
  • This quiz has been taken 124 times
  • The average score is 16 of 20
Answer Stats
Plot Movie % Correct
In the final part of an already long trilogy, an evil sorcerer's ring is finally destroyed. The Lord of the Rings: The Return of the King
98%
Two members of different social classes fall in love on a doomed ship. Titanic
98%
A mafia boss survives an assassination attempt and his reluctant son takes over the family business. The Godfather
96%
Low-IQ man witnesses and influences several historical events in the United States. Forrest Gump
92%
Betrayed Roman general rises through the ranks of gladiatorial combat to avenge his deceased family. Gladiator
91%
Young FBI trainee seeks the advice of a serial killer to catch another serial killer. The Silence of the Lambs
91%
Small-time boxer from Philadelphia gets the chance to fight the world heavyweight champion. Rocky
89%
German businessman saves more than a thousand Jewish refugees by employing them in his factories. Schindler's List
88%
Indian man recalls his life story to explain how he knew the answers to questions on Who Wants to be a Millionaire? Slumdog Millionaire
87%
A look at the fictional rivalry between Mozart and Antonio Salieri. Amadeus
78%
Man has a midlife crisis when he develops a crush on his teenage daughter's best friend. American Beauty
77%
American expatriate must choose to help an old flame and her husband escape a German-occupied city in Morocco. Casablanca
77%
Mute janitor falls in love with a captured humanoid aquatic creature. The Shape of Water
76%
Daughter of a plantation owner pleads her husband to stay, despite him not giving a damn. Gone with the Wind
74%
Faded Hollywood actor who once played a superhero struggles to rejuvenate his career on Broadway. Birdman
70%
Irish mob boss plants a mole in the Boston Police department, while the police put a mole in the mob boss's crew. The Departed
64%
The story of jazz pianist Don Shirley and his Italian-American driver and bodyguard. Green Book
62%
Texas man finds a briefcase full of money and attempts to escape a hitman with a weird gun. No Country for Old Men
60%
Aging outlaw and killer takes on one more job years after he had turned to farming. Unforgiven
47%
Jewish comedian tries to figure out the reasons for the failure of his relationship with the title character. Annie Hall
43%
No matching quizzes found
Score Distribution
Percent of People with Each Score
Percentile by Number Answered
Your Score History
You have not taken this quiz